Normal view
MARC view
Entry Personal Name
001 - CONTROL NUMBER
- control field: 6249
003 - CONTROL NUMBER IDENTIFIER
- control field: BD-RjUL
005 - DATE AND TIME OF LATEST TRANSACTION
- control field: 20221210114336.0
008 - FIXED-LENGTH DATA ELEMENTS
- fixed length control field: 221210|| aca||aabn | a|a d
040 ## - CATALOGING SOURCE
- Original cataloging agency: BD-RjUL
- Transcribing agency: BD-RjUL
100 ## - HEADING--PERSONAL NAME
- Personal name: Islam, A.K.M. Rafiul, Supervisor
670 ## - SOURCE DATA FOUND
- Source citation: Work cat.: (BD-RjUL)80941: Islam, Md. Khairul 3414, Studies on the physicochemical properties and shelf life of postharvest mangifera indica during storage environments /, 2008